000 01121nam a22003017a 4500
005 20110530101937.0
008 110530t xxu||||| |||| 00| 0 eng d
010 _aENG-102518
020 _a9788184502640
_c2250.00
035 _aEN-86051
037 _bDBAD / PUB
040 _adpl
_bEnglish
082 _a338.1854
100 _927410
110 _927425
245 _aSecond green revolution vs. rainbow revolution /
_cby Mohan Pd. Shrivastava...[et al]
260 _aNew Delhi
_bDeep & Deep Publications
_c2010
270 _aF-159, Rajouri Garden
_bNew Delhi
_e110027
_k25435369,25440916
300 _axxx, 614 p.
_c22cm (Hb)
500 _aIncludes bibliographical references and index
650 _927411
650 _927412
650 _927426
700 _927415
_aShrivastava, Mohan Pd.
942 _adpl
_cEN
_2ddc
_mSHR
_h338.1854
999 _c52615
_d52615